000 00366nam a2200145Ia 4500
008 240624s9999 xx 000 0 und d
041 _aeng
082 _a336.2 SIN
100 _aSINGHANIA VINOD K
245 _aDIRECT TAXES LAW AND PRACTICE
250 _a(36th ed.)
260 _c2006
_aNew Delhi
_bTaxmann
300 _axxviii, : 1475 : p. : cm. ; 26
365 _cRS
999 _c3774
_d3774